Statistics for Every NFL Franchise's Best Player of All Time

Click here to take the quiz!

General Stats

  • This quiz has been taken 68 times
  • The average score is 27 of 32

Answer Stats

TeamPositionAnswer% Correct
Indianapolis ColtsQBPeyton Manning
98%
New England PatriotsQBTom Brady
98%
Green Bay PackersQBBrett Favre
97%
Miami DolphinsQBDan Marino
97%
San Francisco 49ersWRJerry Rice
97%
Detroit LionsRBBarry Sanders
95%
New Orleans SaintsQBDrew Brees
95%
Cleveland BrownsRBJim Brown
95%
Chicago BearsRBWalter Payton
95%
Atlanta FaclonsCBDeion Sanders
93%
Dallas CowboysRBEmmitt Smith
93%
Minnesota VikingsWRRandy Moss
93%
Arizona CardinalsWRLarry Fitzgerald
92%
Baltimore RavensLBRay Lewis
90%
New York JetsQBJoe Namath
88%
Denver BroncosQBJohn Elway
88%
Buffalo BillsQBJim Kelly
86%
New York GiantsLBLawrence Taylor
86%
Jacksonville JaguarsRBFred Taylor
85%
Pittsburgh SteelersQBTerry Bradshaw
85%
Los Angeles ChargersRBLaDainian Tomlinson
83%
Houston TexansDTJJ Watt
81%
Kansas City ChiefsTETony Gonzalez
80%
Los Angeles RamsRBEric Dickerson
75%
Carolina PanthersLBLuke Kuechly
75%
Oakland RaidersRBMarcus Allen
73%
Philadelphia EaglesDEReggio White
73%
Seattle SeahawksWRSteve Largent
73%
Tennessee TitansQBWarren Moon
68%
Tampa Bay BuccaneersLBDerrick Brooks
58%
Washington RedskinsQBJoe Theismann
53%
Cincinnati BengalsQBKen Anderson
46%

Score Distribution

Percentile by Number Answered

Percent of People with Each Score

Your Score History

You have not taken this quiz